LEADER 01752nam 2200565 450 001 9910465557503321 005 20200520144314.0 010 $a0-8146-8238-3 035 $a(CKB)3710000000725030 035 $a(EBL)4546328 035 $a(SSID)ssj0001462098 035 $a(PQKBManifestationID)12542974 035 $a(PQKBTitleCode)TC0001462098 035 $a(PQKBWorkID)11479211 035 $a(PQKB)10808525 035 $a(MiAaPQ)EBC4546328 035 $a(OCoLC)966823138 035 $a(MdBmJHUP)muse55031 035 $a(Au-PeEL)EBL4546328 035 $a(CaPaEBR)ebr11232249 035 $a(CaONFJC)MIL750539 035 $a(OCoLC)904789648 035 $a(EXLCZ)993710000000725030 100 $a20160803h20132013 uy 0 101 0 $aeng 135 $aur|n|---||||| 181 $ctxt 182 $cc 183 $acr 200 10$aAccompanied by a believing wife $eministry and celibacy in the earliest Christian communities /$fRaymond F. Collins 210 1$aCollegeville, Minnesota :$cLiturgical Press,$d2013. 210 4$dİ2013 215 $a1 online resource (235 p.) 300 $a"A Michael Glazier book." 311 $a0-8146-8213-8 320 $aIncludes bibliographical references. 606 $aCelibacy$xHistory of doctrines$yEarly church, ca. 30-600 606 $aCelibacy$xCatholic Church$xHistory 608 $aElectronic books. 615 0$aCelibacy$xHistory of doctrines 615 0$aCelibacy$xCatholic Church$xHistory. 676 $a253.2509015 700 $aCollins$b Raymond F.$f1935-$0921168 801 0$bMiAaPQ 801 1$bMiAaPQ 801 2$bMiAaPQ 906 $aBOOK 912 $a9910465557503321 996 $aAccompanied by a believing wife$92487937 997 $aUNINA LEADER 03319nam 2200577I 450 001 9910960718003321 005 20190626093107.0 010 $a9781350989931 010 $a1350989932 010 $a9781786720733 010 $a1786720736 010 $a9781786730732 010 $a1786730731 024 7 $a10.5040/9781350989931 035 $a(CKB)4340000000188930 035 $a(MiAaPQ)EBC4898799 035 $a(OCoLC)1114471704 035 $a(UkLoBP)a00000015 035 $a(UkLoBP)BP9781350989931BC 035 $a(Perlego)883632 035 $a(EXLCZ)994340000000188930 100 $a20160926d2019 uy 0 101 0 $aeng 135 $aurcnu|||||||| 181 $2rdacontent 182 $2rdamedia 183 $2rdacarrier 200 10$aYugoslavia and Macedonia before Tito $ebetween repression and integration /$fNada Bos?kovska 210 1$aLondon :$cBloomsbury Publishing,$d2019. 215 $a1 online resource (379 pages) $cillustrations, maps 225 1 $aPolitics & international relations 311 08$a9780755601028 311 08$a0755601025 311 08$a9781784533380 311 08$a1784533386 320 $aIncludes bibliographical references and index. 330 $a"Held together by apparatchiks and, later, Tito's charisma, Yugoslavia never really incorporated separate Balkan nationalisms into the Pan-Slavic ideal. Macedonia - frequently ignored by Belgrade - had survived centuries of Turkish domination, Bulgarian invasion and Serbian assimilation before it became part of the Yugoslav project in the aftermath of the First World War. Drawing on an extensive analysis of archival material, private correspondence, and newspaper articles, Nada Boskovska provides an arresting account of the Macedonian experience of the interwar years, charting the growth of political consciousness and the often violent state-driven attempts to curb autonomy. Sketching the complex picture of nationalism within a multi-ethnic, but unitarist state through a comprehensive analysis of policy, economy, and education, Yugoslavia and Macedonia before Tito is the first book to describe the uneasy and often turbulent relationship between a Serbian-dominated government and an increasingly politically aware Macedonian people. Concerned with the question of integration and political manipulation, Boskovska gives credence to voices critical of Royal Yugoslavia and offers a fresh insight into domestic policy and the Macedonian question, going beyond traditional high politics. Broadening the spectrum of discussion and protest, she reveals the voices of a people protesting constitutional and electoral fraud, the neglect of local needs and state machinations designed to create a satellite province."--Bloomsbury Publishing. 410 0$aPolitics & international relations (Bloomsbury Publishing) 606 $aPolitics & International Relations 606 $2European history 607 $aNorth Macedonia$xHistory 607 $aYugoslavia$xHistory$y1918-1945 615 4$aPolitics & International Relations 676 $a949.7021 700 $aBos?kovska Leimgruber$b Nada$01813437 801 0$bUkLoBP 801 1$bUkLoBP 906 $aBOOK 912 $a9910960718003321 996 $aYugoslavia and Macedonia before Tito$94366562 997 $aUNINA